000 01147naa a22003497a 4500
001 BR9501706
003 BR-BrBNA
005 20250721155532.0
007 ta
008 250630b bl.|||m| |||| 00| 0 por d
040 _aBR-BrBNA
_bpor
_cBiblioteca Nacional de Agricultura
041 _a(Pt)
072 _aF04
_b3240
_b3801
090 _aF04 BR9501706
100 1 _aNovais, R.F. de
100 1 _aGomes, J.M.
100 1 _aRocha, D.
100 1 _aLima, E.E. de
100 1 _aNascimento Filho, M.B.
111 1 _a1. Seminario SIF Fertilizacao e Melhoramento Florestal
_cBelo Horizonte, MG (Brazil)
_d19-20 Apr 1979
245 1 _aCalagem e adubacao NPK na producao de mudas de eucalipto (Eucalyptus grandis W. Hill ex. Maiden)
500 _aBoletim tecnico Belo Horizonte, MG (Brasil): 1979. p. 27-66 [22 tables; 14 ref.] (BR9501706-AMS)
650 _aEucalipto
650 _aMuda
650 _aFertilizante
650 _aNPK
650 _aCalagem
650 _aAdubacao
490 _aBoletim Tecnico - Sociedade de Investigacoes Florestais (Brazil)
_vno. 2
942 _cAMS
_2AGRIS
909 _a202506
_bLúcia
_c55
_dLúcia Elande
999 _c337076
_d337076